000 00824cam a2200229 4500
008 090401t1996 xxu||||| |||| 00| 0 eng d
020 _a185112313X
035 _a(Sirsi) u89619
041 _aeng
050 _a333.73
110 _aUnited Kingdom
_bDepartment of the Environment
_9982
245 _aProfile of miscellaneous industries, incorporating charcoal works, dry-cleaners, fibreglass and fibreglass resins manufacturing works, glass manufacturing works, photographic processing industry, printing and bookbinding works.
260 _aLondon
_bDepartment of the Environment
_c1996
300 _aiv,32p. ; 30cm.
350 _a10
490 _aDoE Industry Profile
650 _aCONTAMINATED LAND
650 _aPOLLUTION
690 _aENVIRONMENTAL AND LAND CONSULTANCY
942 _n0
948 _c11/11/1998
999 _c97477
_d97477